LEADER 00952nam a2200217 i 4500 001 000000174713 003 CaOOAMICUS 005 20080929000000.0 008 080929s1952 it u000 u ita u 013 $a152189 040 $aSeMil$bita 240 13$aLe plus beaux textes sur la Vierge Marie.$0(OLS)http://semarc/title/250468 245 10$aVergine madre figlia del tuo figlio /$cle pił belle pagine dall'antichitą a oggi scritte sulla Madonna e raccolte da padre Pio Regamey. 260 $aRoma :$bAtlante,$c1952. 300 $a524 p. ;$c27 cm. 600 04$aMadonna.$0(OLS)http://semarc/subject/10153 700 1 $aRegamey, Pie-Raymond,$c.$0(OLS)http://semarc/name/22056 850 $aSeMil 852 $aSeMil$W1$xVenegono$y1$m2L V 64$j125543$B125543$CSeMilBibl$Z2$F136558 $81 996 $6245$aVergine madre figlia del tuo figlio$9(OLS)http://semarc/title/250467 996 $6260$aRoma :$bAtlante$9(OLS)http://semarc/publisher/49330 LEADER 01179nam a2200265 i 4500 001 000000130103 003 CaOOAMICUS 005 20170827000000.0 008 170827s1999 xxu u000 u eng u 013 $a102836 020 $a0-385-41112-X 040 $aSeMil$bita 100 1 $aLundbom, Jack R.$0(OLS)http://semarc/name/53844 245 10$aJeremiah 1-20 :$ba new translation with introduction and commentary /$cJack R. Lundbom. 260 $aNew York [etc.] :$bDoubleday,$c1999. 300 $axxv, 934 p. ;$c24 cm. 490 0 $aThe Anchor Bible ;$v21.A 650 4$aBibbia. Antico Testamento. Geremia - Commentari, studi, critica, interpretazioni.$0(OLS)http://semarc/subject/29 830 4$aThe Anchor Bible ;$v21.A.$0(OLS)http://semarc/title/472 850 $aSeMil 852 $aSeMil$W1$xVenegono$y1$mSL1.R II 21A$j84172$B84172$CSeMilBibl$Z2$F87714 $8I 961 $aSottoscrizione: DEA 996 $6020$a0-385-41112-X$9(OLS)http://semarc/number/116948 996 $6245$aJeremiah 1-20 :$ba new translation with introduction and commentary$9(OLS)http://semarc/title/191716 996 $6260$aNew York [etc.] :$bDoubleday$9(OLS)http://semarc/publisher/31192